[Event "Schackstudions IM-turnering"]
[Site "Lund"]
[Date "2009.03.07"]
[Round "1"]
[White "Burmeister, Rick"]
[Black "Semcesen, Daniel"]
[Result "1/2-1/2"]
[WhiteElo "2345"]
[BlackElo "2395"]
[PlyCount "63"]
[EventDate "2009.??.??"]
[EventRounds "11"]
[EventCountry "SWE"]
[EventCategory "1"]
[SourceDate "2009.02.10"]

1. e4 c5 2. Nc3 a6 3. g3 b5 4. Bg2 Bb7 5. d3 e6 6. f4 d5 7. exd5 Nf6 8. Qe2
Nxd5 9. Bxd5 Bxd5 10. Nxd5 Qxd5 11. Qe4 Nd7 12. a4 b4 13. Qxd5 exd5 14. Nf3 Bd6
15. O-O O-O 16. b3 Rfe8 17. Bd2 Kf8 18. Rae1 h6 19. Rxe8+ Kxe8 20. Re1+ Kd8 21.
Kf1 Kc7 22. Rc1 Kb7 23. Kf2 Re8 24. Re1 Rxe1 25. Kxe1 c4 26. d4 c3 27. Be3 Kc7
28. Ke2 Kd8 29. Ne1 Ke7 30. Kf3 f5 31. Nd3 a5 32. Nf2 1/2-1/2

[Event "Schackstudions IM-turnering"]
[Site "Lund"]
[Date "2009.02.17"]
[Round "1"]
[White "Grandelius, Nils"]
[Black "De Verdier, Michael"]
[Result "1-0"]
[WhiteElo "2464"]
[BlackElo "2174"]
[PlyCount "189"]
[EventDate "2009.??.??"]
[EventRounds "11"]
[EventCountry "SWE"]
[EventCategory "1"]
[SourceDate "2009.02.10"]

1. g3 Nf6 2. Bg2 g6 3. d4 Bg7 4. c4 O-O 5. Nf3 c6 6. Nc3 d5 7. cxd5 cxd5 8. Ne5
e6 9. O-O Nfd7 10. f4 Nc6 11. b3 f6 12. Nxc6 bxc6 13. Ba3 Re8 14. e4 Qa5 15.
Bb2 Ba6 16. Re1 f5 17. e5 Bf8 18. g4 Ba3 19. Bxa3 Qxa3 20. gxf5 gxf5 21. Rc1
Re7 22. Qd2 Qa5 23. Re3 Rg7 24. Rg3 Nf8 25. Rc2 Kh8 26. Na4 Qxd2 27. Rxd2 Rxg3
28. hxg3 Nd7 29. Rc2 Rc8 30. Kf2 Kg7 31. Nc5 Nxc5 32. Rxc5 Rc7 33. Ra5 Bc8 34.
Bf1 Kf8 35. Bd3 Rg7 36. Rc5 Bb7 37. b4 Ke8 38. Bc2 Kd8 39. Ba4 Rc7 40. Rc1 Kc8
41. Rh1 Rg7 42. Rh4 Kd7 43. Bc2 Ba6 44. g4 fxg4 45. Rxh7 Rxh7 46. Bxh7 Bc4 47.
a3 Ke7 48. Kg3 Be2 49. Bg6 a5 50. Bh5 axb4 51. axb4 Bb5 52. Bxg4 Bd3 53. Kf3
Be4+ 54. Ke3 Kd7 55. Be2 Bf5 56. Bd3 Bg4 57. Kd2 Bh3 58. Kc3 Bg4 59. Kb3 Kc7
60. Kc3 Bh3 61. b5 cxb5 62. Kb4 Kb6 63. Bxb5 Bf5 64. Be8 Bg4 65. Bg6 Kc6 66.
Ka5 Bh3 67. Be8+ Kc7 68. Kb5 Bf5 69. Kc5 Kd8 70. Bh5 Ke7 71. Bf3 Bc2 72. Bg4
Kd7 73. Bh3 Be4 74. Bf1 Bf5 75. Bb5+ Kc7 76. Ba4 Bd3 77. Bb3 Be4 78. Ba4 Bd3
79. Be8 Bc2 80. Bc6 Be4 81. Ba8 Kd7 82. Bb7 Bc2 83. Bc6+ Ke7 84. Kb4 Bf5 85.
Kc3 Kd8 86. Kd2 Ke7 87. Ke3 Kf7 88. Kf2 Kg6 89. Kg3 Bd3 90. Be8+ Kg7 91. Kg4
Kh6 92. Kh4 Bc2 93. Bh5 Ba4 94. Bf7 Bd7 95. f5 1-0

[Event "Schackstudions IM-turnering"]
[Site "Lund"]
[Date "2009.02.10"]
[Round "1"]
[White "Olsson, Linus"]
[Black "Quinn, David"]
[Result "1-0"]
[WhiteElo "2337"]
[BlackElo "2019"]
[PlyCount "83"]
[EventDate "2009.??.??"]
[EventRounds "11"]
[EventCountry "SWE"]
[EventCategory "1"]
[SourceDate "2009.02.10"]

1. Nf3 Nf6 2. c4 g6 3. Nc3 Bg7 4. e4 O-O 5. d4 d6 6. Be2 e5 7. O-O Nbd7 8. Re1
c6 9. Bf1 exd4 10. Nxd4 Re8 11. Rb1 Nc5 12. f3 a5 13. Be3 Nfd7 14. Bf2 Ne5 15.
Qd2 a4 16. Red1 a3 17. b3 Be6 18. Rbc1 Qa5 19. Kh1 Rad8 20. Bh4 Ra8 21. h3 Bc8
22. Be1 Ned3 23. Nxc6 bxc6 24. Bxd3 Ne6 25. Bf1 Qh5 26. g4 Qh6 27. Qxh6 Bxh6
28. Bd2 Bg7 29. Ne2 Bb7 30. Bc3 Bh6 31. Rb1 d5 32. Bg2 dxe4 33. fxe4 Ng5 34.
Ng3 c5 35. e5 Nf3 36. Rd7 Nd2 37. Bxd2 Bxg2+ 38. Kxg2 Bxd2 39. Rxd2 Rxe5 40.
Rd5 Rae8 41. Rxe5 Rxe5 42. Kf2 1-0

[Event "Schackstudions IM-turnering"]
[Site "Lund"]
[Date "2009.02.10"]
[Round "1"]
[White "Rasmussen, Rogvi W"]
[Black "Smith, Axel"]
[Result "1/2-1/2"]
[WhiteElo "2167"]
[BlackElo "2391"]
[PlyCount "49"]
[EventDate "2009.??.??"]
[EventRounds "11"]
[EventCountry "SWE"]
[EventCategory "1"]
[SourceDate "2009.02.10"]

1. e4 c5 2. Nf3 d6 3. d4 cxd4 4. Nxd4 Nf6 5. Nc3 a6 6. Bg5 e6 7. f4 Nbd7 8. Qf3
Qc7 9. O-O-O b5 10. e5 Bb7 11. Qh3 dxe5 12. Nxe6 fxe6 13. Qxe6+ Be7 14. Bxf6
gxf6 15. Be2 h5 16. Bf3 Bxf3 {(=)} 17. gxf3 Nc5 18. Qf5 Kf7 19. Rhg1 Rag8 20.
Rxg8 Rxg8 21. Nd5 Qd6 22. Qxh5+ Kf8 23. Qh6+ Kf7 24. Qh5+ Kf8 25. Qh6+ 1/2-1/2

[Event "Schackstudions IM-turnering"]
[Site "Lund"]
[Date "2009.02.10"]
[Round "1"]
[White "Tikkanen, Hans"]
[Black "Paredes Estrada, Alex"]
[Result "1-0"]
[WhiteElo "2422"]
[BlackElo "1888"]
[PlyCount "65"]
[EventDate "2009.??.??"]
[EventRounds "11"]
[EventCountry "SWE"]
[EventCategory "1"]
[SourceDate "2009.02.10"]

1. d4 d5 2. c4 c6 3. Nf3 Nf6 4. Nc3 dxc4 5. a4 Bf5 6. e3 e6 7. a5 Be7 8. Bxc4
O-O 9. O-O Nbd7 10. h3 b5 11. axb6 axb6 12. Rxa8 Qxa8 13. Nh4 b5 14. Nxf5 exf5
15. Be2 Qa5 16. Bf3 b4 17. Nb1 c5 18. Nd2 Nb6 19. Nb3 Qb5 20. dxc5 Bxc5 21. Be2
Qc6 22. Qc2 Ne4 23. Nxc5 Qxc5 24. Qxc5 Nxc5 25. Bd2 Nd5 26. Bc4 Rd8 27. Bxd5
Rxd5 28. Bxb4 Nd3 29. Bc3 Kf8 30. Rd1 g6 31. Kf1 Nf4 32. Bd4 Ne6 33. Bg7+ 1-0

[Event "Schackstudions IM-turnering"]
[Site "Lund"]
[Date "2009.02.17"]
[Round "2"]
[White "Paredes Estrada, Alex"]
[Black "Rasmussen, Rogvi W"]
[Result "1-0"]
[WhiteElo "1888"]
[BlackElo "2167"]
[PlyCount "45"]
[EventDate "2009.??.??"]
[EventRounds "11"]
[EventCountry "SWE"]
[EventCategory "1"]
[SourceDate "2009.02.10"]

1. e4 c5 2. Nf3 d6 3. d4 cxd4 4. Nxd4 Nf6 5. Nc3 g6 6. f3 Bg7 7. Be3 O-O 8. Bc4
Nc6 9. Qd2 Bd7 10. O-O-O Rb8 11. Bb3 b5 12. Ndxb5 Ne5 13. Nxd6 exd6 14. Qxd6
Re8 15. Bg5 Rb7 16. f4 Neg4 17. e5 Bf8 18. Qd2 h6 19. Bxf6 Nxf6 20. exf6 Qxf6
21. Nd5 Qf5 22. g4 Qe6 23. g5 1-0

[Event "Schackstudions IM-turnering"]
[Site "Lund"]
[Date "2009.02.17"]
[Round "2"]
[White "Quinn, David"]
[Black "Tikkanen, Hans"]
[Result "0-1"]
[WhiteElo "2019"]
[BlackElo "2422"]
[PlyCount "72"]
[EventDate "2009.??.??"]
[EventRounds "11"]
[EventCountry "SWE"]
[EventCategory "1"]
[SourceDate "2009.02.10"]

1. d4 d5 2. c4 e5 3. dxe5 d4 4. Nf3 Nc6 5. g3 Nge7 6. Bg2 Ng6 7. Bg5 Qd7 8. O-O
h6 9. Bc1 Ngxe5 10. Nxe5 Nxe5 11. e3 dxe3 12. Bxe3 Qxd1 13. Rxd1 Nxc4 14. Bd4
c6 15. b3 Nd6 16. Nc3 Nf5 17. Re1+ Be6 18. Be5 O-O-O 19. Rac1 Bd6 20. Bxd6 Nxd6
21. b4 Kb8 22. a4 Rhe8 23. a5 a6 24. Na4 Bc4 25. Nc5 Rxe1+ 26. Rxe1 Re8 27. Rd1
Kc7 28. f4 Re2 29. Bf1 Rc2 30. Bh3 Rb2 31. Re1 Rxb4 32. Re7+ Kb8 33. Rd7 Rb1+
34. Kf2 Rd1 35. Rd8+ Ka7 36. Nd7 Ne4+ 0-1

[Event "Schackstudions IM-turnering"]
[Site "Lund"]
[Date "2009.03.05"]
[Round "2"]
[White "Semcesen, Daniel"]
[Black "Grandelius, Nils"]
[Result "1-0"]
[WhiteElo "2395"]
[BlackElo "2464"]
[PlyCount "91"]
[EventDate "2009.??.??"]
[EventRounds "11"]
[EventCountry "SWE"]
[EventCategory "1"]
[SourceDate "2009.02.10"]

1. d4 Nf6 2. c4 e6 3. Nc3 Bb4 4. e3 O-O 5. Nge2 d5 6. a3 Be7 7. Nf4 c6 8. cxd5
exd5 9. Bd3 Bd6 10. O-O Re8 11. Qc2 Nbd7 12. Bd2 Nf8 13. b4 a6 14. h3 Ng6 15.
Nfe2 Bc7 16. a4 Nh4 17. f4 g6 18. Ng3 Qd7 19. Rf2 Re7 20. a5 Ne8 21. Na4 Nd6
22. Nc5 Qe8 23. e4 dxe4 24. Ngxe4 Nxe4 25. Nxe4 Qd8 26. Bc3 Re6 27. Bc4 Re8 28.
g4 Qe7 29. Re1 Kf8 30. d5 cxd5 31. Bxd5 Be6 32. Bf6 Bxd5 33. Bxe7+ Rxe7 34. Qc5
Rd8 35. Qc3 Rxe4 36. Rxe4 Bxe4 37. Qxc7 Rd1+ 38. Rf1 Nf3+ 39. Kf2 Rd2+ 40. Ke3
f5 41. gxf5 gxf5 42. Qc3 Rh2 43. Rxf3 Bxf3 44. Qf6+ Kg8 45. Kxf3 Rxh3+ 46. Kg2
1-0

[Event "Schackstudions IM-turnering"]
[Site "Lund"]
[Date "2009.02.17"]
[Round "2"]
[White "Smith, Axel"]
[Black "Burmeister, Rick"]
[Result "1-0"]
[WhiteElo "2391"]
[BlackElo "2345"]
[PlyCount "103"]
[EventDate "2009.??.??"]
[EventRounds "11"]
[EventCountry "SWE"]
[EventCategory "1"]
[SourceDate "2009.02.10"]

1. g3 e6 2. Bg2 d5 3. Nf3 f5 4. O-O Nf6 5. c4 Be7 6. cxd5 exd5 7. e3 O-O {(=)}
8. b3 c6 9. Bb2 Na6 10. Nc3 Nc5 11. d3 a5 12. Ne2 Qb6 13. Ba3 Re8 14. Qc2 Ne6
15. Bxe7 Rxe7 16. a3 Bd7 17. Rfc1 Rf8 18. Nf4 Nxf4 19. gxf4 Rc8 20. b4 Ra8 21.
Qc5 Qd8 22. Rcb1 b6 23. Qc3 b5 24. Ne5 Ra6 25. a4 axb4 26. Qxb4 Be8 27. axb5
Rxa1 28. Rxa1 Rb7 29. Bh3 g6 30. Rc1 Rxb5 31. Qc3 c5 32. Bg2 Qb6 {(=)} 33. Nf3
Bf7 34. h3 Rb3 35. Qxc5 Qxc5 36. Rxc5 Rxd3 37. Rc8+ Be8 38. Nd4 Kf8 39. Bf3 Ke7
40. Kg2 Rd2 41. Ra8 Ne4 42. Bxe4 dxe4 43. Ra7+ Bd7 44. Nc6+ Kd6 45. Ne5 Ke7 46.
h4 Rd6 47. h5 gxh5 48. Kg3 Ke6 49. Rxd7 Rxd7 50. Nxd7 Kxd7 51. Kh4 Ke6 52. Kxh5
1-0

[Event "Schackstudions IM-turnering"]
[Site "Lund"]
[Date "2009.03.18"]
[Round "3"]
[White "Burmeister, Rick"]
[Black "Paredes Estrada, Alex"]
[Result "1-0"]
[WhiteElo "2345"]
[BlackElo "1888"]
[PlyCount "33"]
[EventDate "2009.??.??"]
[EventRounds "11"]
[EventCountry "SWE"]
[EventCategory "1"]
[SourceDate "2009.02.10"]

1. e4 e5 2. Nf3 Nc6 3. Nc3 Nf6 4. d4 Bb4 5. Nxe5 Nxe5 6. dxe5 Nxe4 7. Qd4 Bxc3+
8. bxc3 d5 9. Ba3 Be6 10. f3 c5 11. Qe3 Qh4+ 12. g3 Nxg3 13. hxg3 Qxh1 14. Qxc5
Kd8 15. O-O-O Qxf3 16. Qe7+ Kc8 17. Bd6 1-0

[Event "Schackstudions IM-turnering"]
[Site "Lund"]
[Date "2009.03.12"]
[Round "3"]
[White "De Verdier, Michael"]
[Black "Semcesen, Daniel"]
[Result "1/2-1/2"]
[WhiteElo "2174"]
[BlackElo "2395"]
[PlyCount "90"]
[EventDate "2009.??.??"]
[EventRounds "11"]
[EventCountry "SWE"]
[EventCategory "1"]
[SourceDate "2009.02.10"]

1. Nf3 Nf6 2. c4 c5 3. Nc3 Nc6 4. g3 d6 5. Bg2 e5 6. O-O Be7 7. d3 O-O 8. Ne1
Be6 9. Nd5 Qd7 10. Nc2 Rab8 11. Nce3 Ne8 12. f4 f5 13. b3 Bd8 14. Bb2 a6 15.
Nc2 b5 16. Qd2 Nf6 17. Nce3 g6 18. Rac1 b4 19. Rce1 Nh5 20. Nc2 exf4 21. Nxf4
Nxf4 22. Qxf4 Bf6 23. Bxf6 Rxf6 24. d4 cxd4 25. Nxd4 Nxd4 26. Qxd4 Rff8 27. Rd1
Rfd8 28. Rd3 Qc7 29. Rfd1 Rd7 30. Bd5 Re7 31. Bf3 Rd7 32. Kg2 Rbd8 33. Qf6 Re8
34. Re3 Rde7 35. Red3 Rd7 36. h4 Qc5 37. Rd5 Qc7 38. R5d3 Qc5 39. h5 gxh5 40.
Bxh5 Bf7 41. Bf3 Re6 42. Qd4 Rde7 43. Kf1 Rg6 44. Qf4 Re5 45. R1d2 Kg7 1/2-1/2

[Event "Schackstudions IM-turnering"]
[Site "Lund"]
[Date "2009.03.18"]
[Round "3"]
[White "Grandelius, Nils"]
[Black "Smith, Axel"]
[Result "1-0"]
[WhiteElo "2464"]
[BlackElo "2391"]
[PlyCount "83"]
[EventDate "2009.??.??"]
[EventRounds "11"]
[EventCountry "SWE"]
[EventCategory "1"]
[SourceDate "2009.02.10"]

1. Nf3 d5 2. d4 Nc6 3. c4 e5 4. Nc3 exd4 5. Nxd4 dxc4 6. Nxc6 Qxd1+ 7. Nxd1
bxc6 8. e4 Nf6 9. f3 Be6 10. Ne3 Bb4+ 11. Bd2 Rb8 12. Bxc4 Bxd2+ 13. Kxd2 Rxb2+
14. Kc3 Rb8 15. Bxe6 fxe6 16. Rab1 Ke7 17. Nc4 Rhc8 18. Rb3 Ne8 19. Rhb1 Rb5
20. Rxb5 cxb5 21. Rxb5 Nd6 22. Rc5 Nxc4 23. Rxc4 Kd6 24. Ra4 Ra8 25. Ra5 a6 26.
h3 e5 27. Kc4 c6 28. Ra3 Rb8 29. Rd3+ Kc7 30. Rb3 Rd8 31. Rd3 Rxd3 32. Kxd3 c5
33. Kc4 Kc6 34. h4 Kd6 35. g3 g6 36. f4 exf4 37. gxf4 Kc6 38. a3 a5 39. a4 h6
40. f5 g5 41. hxg5 hxg5 42. f6 1-0

[Event "Schackstudions IM-turnering"]
[Site "Lund"]
[Date "2009.03.03"]
[Round "4"]
[White "Olsson, Linus"]
[Black "Tikkanen, Hans"]
[Result "0-1"]
[WhiteElo "2337"]
[BlackElo "2422"]
[PlyCount "61"]
[EventDate "2009.??.??"]
[EventRounds "11"]
[EventCountry "SWE"]
[EventCategory "1"]
[SourceDate "2009.02.10"]

1. d4 d5 2. Bf4 Nc6 3. e3 Nf6 4. Nf3 Bg4 5. Be2 e6 6. Nbd2 Bd6 7. Bg3 O-O 8.
O-O Bxg3 9. hxg3 Re8 10. c4 Qe7 11. Rc1 Rad8 12. a3 h5 13. b4 e5 14. cxd5 exd4
15. Nxd4 Nxd4 16. Bxg4 hxg4 17. exd4 Rxd5 18. Nb3 Qd6 19. Qc2 c6 20. Rfe1 Rd8
21. Re2 g6 22. Rce1 Kg7 23. Re5 Nd7 24. R5e4 Rh8 25. Rxg4 Rdh5 26. f3 Nf6 27.
Ree4 Nxg4 28. Rxg4 g5 29. Kf2 Qf6 30. Ke3 Rh1 31. Qf2 0-1

[Event "Schackstudions IM-turnering"]
[Site "Lund"]
[Date "2009.03.03"]
[Round "4"]
[White "Paredes Estrada, Alex"]
[Black "Grandelius, Nils"]
[Result "0-1"]
[WhiteElo "1888"]
[BlackElo "2464"]
[PlyCount "78"]
[EventDate "2009.??.??"]
[EventRounds "11"]
[EventCountry "SWE"]
[EventCategory "1"]
[SourceDate "2009.02.10"]

1. d4 Nf6 2. c4 e6 3. Nc3 Bb4 4. Nf3 c5 5. e3 O-O 6. Bd3 d5 7. O-O cxd4 8. exd4
dxc4 9. Bxc4 b6 10. Qb3 Bxc3 11. bxc3 Bb7 12. Ne5 Bd5 13. Bg5 Bxc4 14. Qxc4 Qd5
15. Bxf6 Qxc4 16. Nxc4 gxf6 17. Ne3 Nd7 18. Rac1 Rac8 19. c4 f5 20. f4 Nf6 21.
Rfd1 Rfd8 22. h3 Nh5 23. Kf2 Nxf4 24. Kf3 Ng6 25. g4 fxg4+ 26. hxg4 Rc7 27. g5
Kg7 28. Ng4 Nh4+ 29. Ke4 Rdc8 30. Rh1 Nf5 31. Kd3 Rd8 32. d5 exd5 33. cxd5
Rxd5+ 34. Ke4 Rdc5 35. Rxc5 Rxc5 36. Rd1 Ng3+ 37. Kf4 Nh5+ 38. Kf3 Rf5+ 39. Ke4
Rf4+ 0-1

[Event "Schackstudions IM-turnering"]
[Site "Lund"]
[Date "2009.03.03"]
[Round "4"]
[White "Quinn, David"]
[Black "Burmeister, Rick"]
[Result "0-1"]
[WhiteElo "2019"]
[BlackElo "2345"]
[PlyCount "70"]
[EventDate "2009.??.??"]
[EventRounds "11"]
[EventCountry "SWE"]
[EventCategory "1"]
[SourceDate "2009.02.10"]

1. d4 e6 2. c4 f5 3. Nf3 Nf6 4. g3 Be7 5. Bg2 O-O 6. O-O d5 7. Nbd2 c6 8. b3 a5
9. Bb2 Bd7 10. Ne5 b5 11. Rc1 Na6 12. Ndf3 Rc8 13. Nd3 Ne4 14. Nfe5 Bd6 15. f3
Nf6 16. Qd2 c5 17. Nxd7 Nxd7 18. cxb5 Nb4 19. a3 Nxd3 20. Qxd3 cxd4 21. Qxd4
Be5 22. Qd2 Qb6+ 23. Kh1 Qxb5 24. Bxe5 Nxe5 25. Qe3 Rxc1 26. Rxc1 d4 27. a4 Qd5
28. Qd2 Nf7 29. Rc4 Rd8 30. f4 Qd6 31. Bf3 e5 32. Rc6 Qd7 33. Qxa5 d3 34. exd3
Qxd3 35. Qc3 Qf1# 0-1

[Event "Schackstudions IM-turnering"]
[Site "Lund"]
[Date "2009.03.10"]
[Round "4"]
[White "Smith, Axel"]
[Black "De Verdier, Michael"]
[Result "1-0"]
[WhiteElo "2391"]
[BlackElo "2174"]
[PlyCount "62"]
[EventDate "2009.??.??"]
[EventRounds "11"]
[EventCountry "SWE"]
[EventCategory "1"]
[SourceDate "2009.02.10"]
[TimeControl "5400"]

1. d4 d5 2. c4 e6 3. Nc3 Be7 4. Nf3 Nf6 5. Bg5 h6 6. Bh4 O-O 7. e3 b6 8. Rc1
Bb7 9. Bxf6 Bxf6 10. cxd5 exd5 11. Bd3 a6 12. Bb1 Qd7 13. Qd3 g6 14. Ne5 Bxe5
15. dxe5 Qe6 16. f4 Nd7 17. O-O Rae8 18. Rfd1 Rd8 19. a3 c5 20. b4 Rfe8 21. Qd2
Bc6 22. Ba2 c4 23. Ne2 Ba4 24. Rf1 Nf8 25. Bb1 Qe7 26. Rf3 Bd7 27. Rg3 Kh7 28.
Rf1 Bb5 29. Rff3 Rd7 30. Qc2 f5 31. Nd4 Rc7 1-0

[Event "Schackstudions IM-turnering"]
[Site "Lund"]
[Date "2009.03.10"]
[Round "5"]
[White "Grandelius, Nils"]
[Black "Quinn, David"]
[Result "1-0"]
[WhiteElo "2464"]
[BlackElo "2019"]
[PlyCount "43"]
[EventDate "2009.??.??"]
[EventRounds "11"]
[EventCountry "SWE"]
[EventCategory "1"]
[SourceDate "2009.02.10"]

1. d4 Nf6 2. c4 g6 3. Nc3 Bg7 4. e4 O-O 5. Nf3 d6 6. Be2 Nbd7 7. O-O e5 8. Be3
Ng4 9. Bg5 f6 10. Bd2 c6 11. d5 f5 12. Ng5 Ndf6 13. Rc1 Nh6 14. Bf3 f4 15. c5
Nxd5 16. exd5 Qxg5 17. Ne4 Qd8 18. Nxd6 e4 19. Bxe4 Be5 20. dxc6 bxc6 21. Qb3+
Nf7 22. Bxc6 1-0

[Event "Schackstudions IM-turnering"]
[Site "Lund"]
[Date "2009.04.07"]
[Round "5"]
[White "Rasmussen, Rogvi W"]
[Black "Olsson, Linus"]
[Result "1/2-1/2"]
[WhiteElo "2167"]
[BlackElo "2337"]
[PlyCount "83"]
[EventDate "2009.??.??"]
[EventRounds "11"]
[EventCountry "SWE"]
[EventCategory "1"]
[SourceDate "2009.02.10"]

1. e4 g6 2. d4 Nf6 3. e5 Nh5 4. Be2 d6 5. Bxh5 gxh5 6. Qxh5 dxe5 7. dxe5 Qd5 8.
Nf3 Qe4+ 9. Be3 Qxc2 10. Nc3 Qg6 11. Qxg6 hxg6 12. O-O c6 13. Ng5 Bg7 14. f4
Na6 15. a3 O-O 16. Rad1 f6 17. exf6 exf6 18. Nf3 Re8 19. Kf2 Bf8 20. h3 Nc5 21.
g4 a5 22. Nh4 Kf7 23. Kf3 Be6 24. Rf2 Bb3 25. Rdd2 b5 26. f5 gxf5 27. Nxf5 b4
28. Bxc5 Bxc5 29. Ne4 Rxe4 30. Kxe4 Bd5+ 31. Kf4 Bxf2 32. Rxf2 bxa3 33. bxa3
Rb8 34. Re2 Rb1 35. Re3 c5 36. h4 c4 37. Nd6+ Kg7 38. Re7+ Kf8 39. Re8+ Kg7 40.
Re7+ Kf8 41. Re8+ Kg7 42. Re7+ 1/2-1/2

[Event "Schackstudions IM-turnering"]
[Site "Lund"]
[Date "2009.03.09"]
[Round "5"]
[White "Semcesen, Daniel"]
[Black "Smith, Axel"]
[Result "0-1"]
[WhiteElo "2391"]
[BlackElo "2395"]
[PlyCount "66"]
[EventDate "2009.??.??"]
[EventRounds "11"]
[EventCountry "SWE"]
[EventCategory "1"]
[SourceDate "2009.02.10"]

1. c4 e5 2. Nc3 Nf6 3. Nf3 e4 4. Ng5 b5 5. d3 bxc4 6. Ngxe4 Bb7 7. Nxf6+ Qxf6
8. dxc4 Bb4 9. Bd2 O-O 10. Nd5 Bxd2+ 11. Qxd2 Bxd5 12. cxd5 Na6 13. Rc1 Rab8
14. b3 d6 15. e4 Nc5 16. f3 a5 17. Bc4 Qh4+ 18. g3 Qh3 19. Kf2 Rfe8 20. Bb5 Re7
21. Qd4 f6 22. Rxc5 dxc5 23. Qxc5 Kf8 24. a4 Rd8 25. Bf1 Qh6 26. Qxa5 f5 27.
Bd3 Qf6 28. Re1 fxe4 29. Bxe4 Qb2+ 30. Re2 Qxb3 31. d6 Rxd6 32. Qf5+ Qf7 33.
Qxh7 Rh6 0-1

[Event "Schackstudions IM-turnering"]
[Site "Lund"]
[Date "2009.04.16"]
[Round "6"]
[White "Olsson, Linus"]
[Black "Burmeister, Rick"]
[Result "1/2-1/2"]
[WhiteElo "2337"]
[BlackElo "2345"]
[PlyCount "22"]
[EventDate "2009.??.??"]
[EventRounds "11"]
[EventCountry "SWE"]
[EventCategory "1"]
[SourceDate "2009.02.10"]

1. d4 e6 2. c4 f5 3. g3 Nf6 4. Bg2 d5 5. Nf3 Be7 6. O-O O-O 7. b3 Ne4 8. Ba3 c5
9. cxd5 exd5 10. Nbd2 Nc6 11. Rc1 cxd4 1/2-1/2

[Event "Schackstudions IM-turnering"]
[Site "Lund"]
[Date "2009.03.17"]
[Round "6"]
[White "Paredes Estrada, Alex"]
[Black "Semcesen, Daniel"]
[Result "0-1"]
[WhiteElo "1888"]
[BlackElo "2395"]
[PlyCount "80"]
[EventDate "2009.??.??"]
[EventRounds "11"]
[EventCountry "SWE"]
[EventCategory "1"]
[SourceDate "2009.02.10"]

1. d4 Nf6 2. Bg5 e6 3. Nc3 h6 4. Bh4 Bb4 5. Qd3 c5 6. O-O-O cxd4 7. Nb5 Qa5 8.
Bxf6 gxf6 9. Kb1 a6 10. Nxd4 Nc6 11. e4 Be7 12. f4 d6 13. Ngf3 Bd7 14. e5 Nb4
15. Qb3 dxe5 16. a3 exd4 17. axb4 Qxb4 18. Qxb4 Bxb4 19. Rxd4 Bc5 20. Rd1 Bc6
21. Be2 Ke7 22. Rhf1 Rad8 23. g3 b5 24. Rc1 a5 25. c3 Be4+ 26. Ka2 Be3 27. Rcd1
b4 28. cxb4 Bd5+ 29. b3 axb4 30. Bc4 Bc6 31. Rxd8 Rxd8 32. Kb2 Bb6 33. Kc2 Be4+
34. Kc1 h5 35. Be2 h4 36. Rd1 Rc8+ 37. Kd2 Bf2 38. Rf1 hxg3 39. hxg3 Bxg3 40.
Bc4 Bxf4+ 0-1

[Event "Schackstudions IM-turnering"]
[Site "Lund"]
[Date "2009.03.17"]
[Round "6"]
[White "Quinn, David"]
[Black "De Verdier, Michael"]
[Result "0-1"]
[WhiteElo "2019"]
[BlackElo "2174"]
[PlyCount "58"]
[EventDate "2009.??.??"]
[EventRounds "11"]
[EventCountry "SWE"]
[EventCategory "1"]
[SourceDate "2009.02.10"]

1. d4 Nf6 2. c4 e6 3. Nc3 Bb4 4. e3 b6 5. a3 Bxc3+ 6. bxc3 O-O 7. Bd3 Bb7 8. f3
c5 9. Ne2 Nc6 10. O-O Rc8 11. e4 Ne8 12. Be3 Na5 13. dxc5 bxc5 14. Ng3 Ba6 15.
Qa4 Nd6 16. Rfd1 Bxc4 17. e5 Bxd3 18. Rxd3 Ndc4 19. Rxd7 Qe8 20. Ne4 Nxe5 21.
Bxc5 Qxd7 22. Qxa5 Rfd8 23. Bd4 Qd5 24. Qxa7 Nc6 25. Qc5 Nxd4 26. Qxd4 Qxd4+
27. cxd4 Rxd4 28. a4 h6 29. Kf2 Rcc4 0-1

[Event "Schackstudions IM-turnering"]
[Site "Lund"]
[Date "2009.04.06"]
[Round "6"]
[White "Tikkanen, Hans"]
[Black "Rasmussen, Rogvi W"]
[Result "1-0"]
[WhiteElo "2422"]
[BlackElo "2167"]
[PlyCount "81"]
[EventDate "2009.??.??"]
[EventRounds "11"]
[EventCountry "SWE"]
[EventCategory "1"]
[SourceDate "2009.02.10"]

1. d4 Nf6 2. c4 g6 3. Nc3 Bg7 4. e4 d6 5. Nf3 O-O 6. Be2 e5 7. O-O exd4 8. Nxd4
Re8 9. f3 c6 10. Nc2 Be6 11. Kh1 Na6 12. Be3 Nc7 13. Qd2 d5 14. exd5 cxd5 15.
c5 Nh5 16. Rad1 Qh4 17. Kg1 Be5 18. f4 Bg7 19. Bf2 Qd8 20. Bxh5 gxh5 21. Nd4
Bh6 22. Rde1 Qf6 23. Qd3 h4 24. f5 Bd7 25. Qf3 Bc6 26. Qg4+ Qg5 27. Qxh4 Qxh4
28. Bxh4 Be3+ 29. Bf2 Bxf2+ 30. Kxf2 Na6 31. Nb3 Nb4 32. Rxe8+ Rxe8 33. Rd1 Re5
34. g4 h5 35. h3 hxg4 36. hxg4 Na6 37. Kg3 d4 38. Kf4 f6 39. Nxd4 Nxc5 40. b4
Re1 41. bxc5 1-0

[Event "Schackstudions IM-turnering"]
[Site "Lund"]
[Date "2009.03.24"]
[Round "7"]
[White "Burmeister, Rick"]
[Black "Tikkanen, Hans"]
[Result "1/2-1/2"]
[WhiteElo "2345"]
[BlackElo "2422"]
[PlyCount "132"]
[EventDate "2009.??.??"]
[EventRounds "11"]
[EventCountry "SWE"]
[EventCategory "1"]
[SourceDate "2009.02.10"]

1. e4 d5 2. exd5 Nf6 3. d4 Nxd5 4. c4 Nb6 5. Be3 e5 6. dxe5 Qxd1+ 7. Kxd1 Nc6
8. Nc3 Be6 9. b3 O-O-O+ 10. Kc2 Ba3 11. Nb5 {( (=)} Bf5+ 12. Kc3 Bb4+ 13. Kb2
Nxe5 14. Nf3 Nxf3 15. gxf3 Be7 16. Nxa7+ Kb8 17. Nb5 Bf6+ 18. Nc3 Rhe8 19. Rc1
Bd4 20. Bxd4 Rxd4 21. Rd1 Rxd1 22. Nxd1 Re1 23. Nc3 Nd7 24. Bg2 Nc5 25. Rxe1
Nd3+ 26. Ka3 Nxe1 27. Bh1 Nd3 28. Nd1 {(=)} Bh3 29. b4 f5 30. Kb3 f4 31. Kc3
Ne5 32. Nb2 Bf1 33. a3 h5 34. Kd4 Nf7 35. h4 g5 36. Nd3 gxh4 37. Nxf4 h3 38.
Nxh5 Bg2 39. Ng3 Ng5 40. f4 Ne4 41. Nxe4 Bxh1 42. Ng3 Bf3 43. Nf1 Be2 44. Nh2
Kc8 45. a4 Kd7 46. a5 Kd6 47. b5 c5+ 48. Kc3 Bh5 49. f5 Be8 50. f4 Bd7 51. f6
Ke6 52. Kd3 Kxf6 53. Ke4 Ke6 54. Ng4 Kd6 55. f5 Be8 56. a6 bxa6 57. bxa6 Kc7
58. Kd5 Kb6 59. a7 Bf7+ 60. Kd6 Kxa7 61. Kxc5 Kb7 62. Kd4 Kb6 63. f6 Be6 64.
Nh2 Kc6 65. Nf3 Bg8 66. c5 Ba2 1/2-1/2

[Event "Schackstudions IM-turnering"]
[Site "Lund"]
[Date "2009.04.17"]
[Round "7"]
[White "Grandelius, Nils"]
[Black "Olsson, Linus"]
[Result "1-0"]
[WhiteElo "2464"]
[BlackElo "2337"]
[PlyCount "97"]
[EventDate "2009.??.??"]
[EventRounds "11"]
[EventCountry "SWE"]
[EventCategory "1"]
[SourceDate "2009.02.10"]

1. e4 c5 2. Nf3 e6 3. d4 cxd4 4. Nxd4 Nc6 5. Nc3 Qc7 6. Be3 a6 7. Qd2 Nf6 8.
O-O-O Bb4 9. f3 Ne5 10. Nb3 b5 11. Qe1 Be7 12. f4 Ng6 13. e5 Ng4 14. Bd2 Bb7
15. Bd3 O-O 16. Qe2 f5 17. h3 Nh6 18. a3 Rae8 19. Rhf1 d6 20. Nd4 Bc8 21. exd6
Qxd6 22. Qf2 Qc7 23. Kb1 Rd8 24. Nce2 Bd7 25. g3 Rb8 26. Qe1 Nf7 27. Ng1 Qb6
28. Ngf3 Bc5 29. Ba5 Qa7 30. Nb3 Bd6 31. h4 Rfe8 32. h5 Ne7 33. Bb4 Nc6 34.
Bxd6 Nxd6 35. h6 gxh6 36. Ne5 Nxe5 37. fxe5 Nf7 38. g4 Qc7 39. gxf5 exf5 40.
Bxf5 Bxf5 41. Rxf5 Nxe5 42. Qh1 Qg7 43. Nd4 Kh8 44. Re1 Nc4 45. c3 Rg8 46. Qh4
Nd6 47. Rf6 Nc4 48. Rxh6 Qg2 49. Qf6+ 1-0